000 00978nam a2200265 i 4500
001 120720
003 ES-MaACL
005 20250803050541.0
007 t|
008 070214m19721982sp r ||||1| spa d
100 1 _aPolibio.
_992820
245 1 0 _aHistorias
_b: libro I /
_cPolibio ; texto revisado y traducido por Alberto Díaz Tejera.
260 _aMadrid :
_bConsejo Superior de Investigaciones Científicas,
_c1972-1982.
300 _a2 v. ;
_c22 cm.
490 1 _aHispánica de autores griegos y latinos
500 _aTexto bilingüe.
505 8 _aContiene: vol. I. caps. 1-3. vol. II. caps. 32-38
650 0 7 _aHistoria antigua
_2embne
_913385
700 1 _aDíaz Tejera, Alberto.
_944434
710 2 _aConsejo Superior de Investigaciones Científicas (España)
_93236
830 0 _aHispánica de autores griegos y latinos
_9218696
852 _aES-MaACL
_jL-2598-99
_bR.103553
852 _aES-MaACL
_jL-3109
_z.- Solo vol. II
999 _c120720
_d120720